Radio Costa Rica. Una voz ajena en Costa Rica /

Enregistré dans:
Détails bibliographiques
Auteur principal: Sandoval García, Carlos
Format: Texte
Tags: Ajouter un tag
Pas de tags, Soyez le premier à ajouter un tag!

MARC

LEADER 00000 a a2200000 04500
001 1602
003
040
100 |a Sandoval García, Carlos  
245 |a Radio Costa Rica. Una voz ajena en Costa Rica /  |c Carlos Sandoval García 
773 |g número 23; páginas 13-16  
999 |c 31260  |d 31260